000 01187njm a22003137a 4500
005 20100913120037.0
006 a|||||r|||||00| 0
007 sd ammalaaahaa
008 100910t xxu||||| |||| 00| 0 eng d
028 _aEMOE. 2121
_bOdeon
035 _aGR-02098
040 _aSED/VEN
100 _91184
_aMangeshkar, Lata
245 _aAmar prem part. 1 & 2 /
_cby Lata Mangeshkar & Kishor Kumar ; music Rahul Dev Burman ; lyric Anand Bakshi
246 _aअमर प्रेम (लता मंगेशकर)
260 _aDum Dum, India
_bOdeon
_cn. d.
300 _a1 sound disc : [Gramophone Record]
_banalog, 45 rpm
_c7 in.
_fGramophone Records
500 _aBrief record.
500 _aOdeon
500 _aBlack
500 _aExtended Play
505 _aRaina beeti jae, Kuchh to log kahenge (रैना बीत जाए) (कुछ तो लग कहेंगे)
650 _xExcerpts
_zIndia
_919370
_aClassical music
_vFilmi song
700 _919371
_a Kishor Kumar
700 _919372
_aRahul Dev Burman
700 _aAnand Bakshi
_919676
942 _2ddc
_cGR
999 _c45346
_d45346